<?xml version="1.0" encoding="UTF-8"?><?xml-stylesheet type="text/xsl" href="static/style.xsl"?><OAI-PMH xmlns="http://www.openarchives.org/OAI/2.0/" xmlns:xsi="http://www.w3.org/2001/XMLSchema-instance" xsi:schemaLocation="http://www.openarchives.org/OAI/2.0/ http://www.openarchives.org/OAI/2.0/OAI-PMH.xsd"><responseDate>2026-04-29T06:16:00Z</responseDate><request verb="GetRecord" identifier="oai:repisalud.isciii.es:20.500.12105/25914" metadataPrefix="marc">https://repisalud.isciii.es/rest/oai/request</request><GetRecord><record><header><identifier>oai:repisalud.isciii.es:20.500.12105/25914</identifier><datestamp>2025-12-18T12:58:13Z</datestamp><setSpec>com_20.500.12105_19586</setSpec><setSpec>com_20.500.12105_2202</setSpec><setSpec>col_20.500.12105_19587</setSpec></header><metadata><record xmlns="http://www.loc.gov/MARC21/slim" xmlns:dcterms="http://purl.org/dc/terms/" xmlns:doc="http://www.lyncode.com/xoai" xmlns:xsi="http://www.w3.org/2001/XMLSchema-instance" xsi:schemaLocation="http://www.loc.gov/MARC21/slim http://www.loc.gov/standards/marcxml/schema/MARC21slim.xsd">
   <leader>00925njm 22002777a 4500</leader>
   <datafield ind2=" " ind1=" " tag="042">
      <subfield code="a">dc</subfield>
   </datafield>
   <datafield ind2=" " ind1=" " tag="720">
      <subfield code="a">Choya-Foces, Carmen</subfield>
      <subfield code="e">author</subfield>
   </datafield>
   <datafield ind2=" " ind1=" " tag="720">
      <subfield code="a">Navarro, Elisa</subfield>
      <subfield code="e">author</subfield>
   </datafield>
   <datafield ind2=" " ind1=" " tag="720">
      <subfield code="a">Ríos, Cristóbal de Los</subfield>
      <subfield code="e">author</subfield>
   </datafield>
   <datafield ind2=" " ind1=" " tag="720">
      <subfield code="a">López, Manuela G</subfield>
      <subfield code="e">author</subfield>
   </datafield>
   <datafield ind2=" " ind1=" " tag="720">
      <subfield code="a">Egea, Javier</subfield>
      <subfield code="e">author</subfield>
   </datafield>
   <datafield ind2=" " ind1=" " tag="720">
      <subfield code="a">Hernansanz-Agustín, Pablo</subfield>
      <subfield code="e">author</subfield>
   </datafield>
   <datafield ind2=" " ind1=" " tag="720">
      <subfield code="a">Martínez-Ruiz, Antonio</subfield>
      <subfield code="e">author</subfield>
   </datafield>
   <datafield ind2=" " ind1=" " tag="260">
      <subfield code="c">2024-11</subfield>
   </datafield>
   <datafield ind2=" " ind1=" " tag="520">
      <subfield code="a">Eukaryotic cells and organisms depend on oxygen for basic living functions, and they display a panoply of adaptations to situations in which oxygen availability is diminished (hypoxia). A number of these responses in animals are mediated by changes in gene expression programs directed by hypoxia-inducible factors (HIFs), whose main mechanism of stabilization and functional activation in response to decreased cytosolic oxygen concentration was elucidated two decades ago. Human acute responses to hypoxia have been known for decades, although their precise molecular mechanism for oxygen sensing is not fully understood. It is already known that a redox component, linked with reactive oxygen species (ROS) production of mitochondrial origin, is implied in these responses. We have recently described a mechanism by which the mitochondrial sodium/calcium exchanger, NCLX, participates in mitochondrial electron transport chain regulation and ROS production in response to acute hypoxia. Here we show that NCLX is also implied in the response to hypoxia mediated by the HIFs. By using a NCLX inhibitor and interference RNA we show that NCLX activity is necessary for HIF-α subunits stabilization in hypoxia and for HIF-1-dependent transcriptional activity. We also show that hypoxic mitochondrial ROS production is not required for HIF-1α stabilization under all circumstances, suggesting that the basal cytosolic redox state or other mechanism(s) could be operating in the NCLX-mediated response to hypoxia that operates through HIF-α stabilization. This finding provides a link between acute and medium-term responses to hypoxia, reinforcing a central role of mitochondrial cell signalling in the response to hypoxia.</subfield>
   </datafield>
   <datafield ind1="8" ind2=" " tag="024">
      <subfield code="a">Redox Biol. 2024 Nov:77:103364.</subfield>
   </datafield>
   <datafield ind1="8" ind2=" " tag="024">
      <subfield code="a">https://hdl.handle.net/20.500.12105/25914</subfield>
   </datafield>
   <datafield ind1="8" ind2=" " tag="024">
      <subfield code="a">39341036</subfield>
   </datafield>
   <datafield ind2="0" ind1="0" tag="245">
      <subfield code="a">The mitochondrial Na/Ca exchanger NCLX is implied in the activation of hypoxia-inducible factors.</subfield>
   </datafield>
</record></metadata></record></GetRecord></OAI-PMH>